000 00753cam a2200253 4500
008 090401t1995 xxu||||| |||| 00| 0 eng d
020 _a0117531448
035 _a(Sirsi) u52177
041 _aeng
050 _a711.73
110 _aUnited Kingdom
_bDepartment of the Environment
_9982
245 _aPPG13: a guide to better practice: reducing the need to travel through land use and transport planning.
260 _aLondon
_bHMSO
_c1995
300 _a126p. : ill. ; 30cm.
350 _a23.5
650 _aDEVELOPMENT
650 _aInfrastructure
_96246
650 _aLand use
_96251
650 _aTRANSPORT PLANNING
690 _aPLANNING LAW AND PRACTICE
710 _aDepartment of Transport
_91172
942 _n0
948 _c04/03/1997
999 _c92998
_d92998